Famous People Named West - Statistics

General Stats
  • This quiz has been taken 178 times
  • The average score is 4 of 7
Answer Stats
Life Hint Person % Correct
1977– Widely considered one of the greatest and most influential hip hop musicians Kanye West
84%
1928–2017 Portrayed Batman in the 1960s ABC series and its 1966 film Adam West
79%
2013– Kim Kardashian's daughter, who is her oldest child North West
73%
1893–1980 Actress known for bawdy double entendres and her husky contralto voice Mae West
67%
1938– Basketball player nicknamed "Mr. Clutch", whose silhouette is the NBA logo Jerry West
39%
1988– One of two players in NBA history to average a triple-double for a season Russell Westbrook
28%
1953– Outspoken voice in left-wing politics and author of Race Matters Cornel West
13%
No matching quizzes found
Score Distribution
Percent of People with Each Score
Percentile by Number Answered
Your Score History
You have not taken this quiz